Is technology good for education? (Record no. 4734)

MARC details
000 -CABECERA
campo de control de longitud fija 02444cam a2200325 i 4500
001 - NÚMERO DE CONTROL
campo de control 991012465159704336
005 - FECHA Y HORA DE LA ÚLTIMA TRANSACCIÓN
campo de control 20250616105803.0
008 - DATOS DE LONGITUD FIJA--INFORMACIÓN GENERAL
campo de control de longitud fija 151027s2016 enk b 001 0 eng
010 ## - NÚMERO DE CONTROL DE LA BIBLIOTECA DEL CONGRESO
Número de control de LC 2015034951
020 ## - NÚMERO INTERNACIONAL ESTÁNDAR DEL LIBRO
Número Internacional Estándar del Libro 9780745696461
035 ## - NÚMERO DE CONTROL DEL SISTEMA
Número de control de sistema (CaACU)4228664-01ucalg_inst
035 ## - NÚMERO DE CONTROL DEL SISTEMA
Número de control de sistema (OCoLC)40026119268
035 ## - NÚMERO DE CONTROL DEL SISTEMA
Número de control de sistema (OCoLC)931476266
Número de control cancelado/no válido (OCoLC)920017271
040 ## - FUENTE DE LA CATALOGACIÓN
Centro catalogador/agencia de origen DLC
Normas de descripción rda
Lengua de catalogación eng
Centro/agencia transcriptor DLC
Centro/agencia modificador YDX
-- BDX
-- BTCTA
-- OCLCF
-- YDXCP
-- CDX
-- NhCcYME
041 ## - CÓDIGO DE LENGUA
Código de lengua del texto/banda sonora o título independiente eng
042 ## - CÓDIGO DE AUTENTICACIÓN
Código de autenticación pcc
050 00 - SIGNATURA TOPOGRÁFICA DE LA BIBLIOTECA DEL CONGRESO
Número de clasificación LB1028.3
Número de documento/Ítem .S388857 2016
100 ## - ENTRADA PRINCIPAL--NOMBRE DE PERSONA
Nombre de persona Selwyn, Neil,
Término indicativo de función/relación author
9 (RLIN) 25420
245 10 - MENCIÓN DE TÍTULO
Título Is technology good for education?
Mención de responsabilidad, etc. / Neil Selwyn.
264 #1 - PRODUCCIÓN, PUBLICACIÓN, DISTRIBUCIÓN, FABRICACIÓN Y COPYRIGHT
Producción, publicación, distribución, fabricación y copyright Cambridge, UK :
Nombre del de productor, editor, distribuidor, fabricante Malden, MA :
-- Polity Press,
Fecha de producción, publicación, distribución, fabricación o copyright 2016.
300 ## - DESCRIPCIÓN FÍSICA
Extensión x, 178 pages ;
Dimensiones 20 cm
504 ## - NOTA DE BIBLIOGRAFÍA, ETC.
Nota de bibliografía, etc. Includes bibliographical references and index.
505 ## - NOTA DE CONTENIDO CON FORMATO
Nota de contenido con formato Digital Technology and Educational Change —<br/>Making Education More Democratic? —<br/>Making Education More Personalized? —<br/>Making Education More Calculable? —<br/>Making Education More Commercial? —<br/>Education "Good" and the Digital – So What Needs To Change?
520 ## - SUMARIO, ETC.
Sumario, etc. Digital technologies are a key feature of contemporary education. Schools, colleges and universities operate along high-tech lines, while alternate forms of online education have emerged to challenge the dominance of traditional institutions. According to many experts, the rapid digitization of education over the past ten years has undoubtedly been a ‘good thing’.<br/><br/>Is Technology Good For Education? offers a critical counterpoint to this received wisdom, challenging some of the central ways in which digital technology is presumed to be positively affecting education. Instead Neil Selwyn considers what is being lost as digital technologies become ever more integral to education provision and engagement. Crucially, he questions the values, agendas and interests that stand to gain most from the rise of digital education.<br/><br/>This concise, up-to-the-minute analysis concludes by considering alternate approaches that might be capable of rescuing and perhaps revitalizing the ideals of public education, while not denying the possibilities of digital technology altogether.
650 #0 - PUNTO DE ACCESO ADICIONAL DE MATERIA--TÉRMINO DE MATERIA
Término de materia o nombre geográfico como elemento de entrada Education
Subdivisión general Effect of technological innovations on
9 (RLIN) 10125
650 #0 - PUNTO DE ACCESO ADICIONAL DE MATERIA--TÉRMINO DE MATERIA
Término de materia o nombre geográfico como elemento de entrada Educational technology
Subdivisión general Evaluation.
650 #0 - PUNTO DE ACCESO ADICIONAL DE MATERIA--TÉRMINO DE MATERIA
Término de materia o nombre geográfico como elemento de entrada Computer-assisted instruction
Subdivisión general Evaluation.
650 #0 - PUNTO DE ACCESO ADICIONAL DE MATERIA--TÉRMINO DE MATERIA
Término de materia o nombre geográfico como elemento de entrada Education, Higher
Subdivisión general Aims and objectives
9 (RLIN) 24618
942 ## - ELEMENTOS DE ENTRADA AGREGADA (KOHA)
Fuente del sistema de clasificación o colocación Clasificación de Library of Congress
Holdings
Estado de retiro Estado de pérdida Fuente del sistema de clasificación o colocación Estado dañado No para préstamo Biblioteca de origen Biblioteca actual Fecha de adquisición Total de préstamos Signatura topográfica completa Código de barras Fecha visto por última vez Número de copia Precio válido a partir de Tipo de ítem Koha
    Clasificación de Library of Congress     TBS Barcelona TBS Barcelona 13/06/2025   LB1028.3 SEL B07553 13/06/2025 1 13/06/2025 Book

Powered by Koha